000 00719cam a2200217 a 4500
001 4994102
005 20241214083429.0
008 990223s2000 maua b 001 0 eng
020 _a9780070122048
050 0 0 _aQL362
_b.P43 2000
082 0 0 _a592
_221
100 1 _aPechenik, Jan A.
245 1 0 _aBiology of the invertebrates /
_cJan A. Pechenik.
250 _a4th ed.
260 _aBoston :
_bMcGraw-Hill,
_cc2000.
300 _axiv, 578 p. :
_bill. (some col.) ;
_c29 cm.
650 0 _aInvertebrates.
856 4 2 _3Publisher description
_uhttp://www.loc.gov/catdir/description/mh023/99014462.html
856 4 1 _3Table of contents
_uhttp://www.loc.gov/catdir/toc/mh023/99014462.html
942 _2lcc
_cBK
_e4th ed.
_n0
999 _c2192
_d2192